000 00347nam a22001217a 4500
999 _c2621
_d2621
005 20200922095337.0
008 200922b ||||| |||| 00| 0 eng d
020 _a2416
040 _cCML
245 _aStudies in African Music.
_cJones, A.M.
260 _aLondon
_bOxford University
_c1959
942 _2ddc
_cBK
_e1st Edition
_h781
_mJON